Em viagem (Registo nº 2661)

Detalhes MARC
000 -Etiqueta do registo
Cabeçalho 00634nam a22002411 4500
005 - Identificador da versão
Campo de controlo 20240827170405.0
010 ## - Número internacional normalizado dos livros (ISBN)
Número (ISBN) 9727508340
021 ## - Número do Depósito Legal
Código do país PT
Número 166449/01
100 ## - Dados gerais de processamento
Dados gerais de processamento 20020326d2001 c y0pory5003 ba
101 1# - Língua de publicação
Língua do texto, banda sonora, etc. Português
Língua do documento no original Espanhol
102 ## - Pais de publicação ou produção
País de publicação Portugal
105 ## - Campo de dados codificados: livros
Dados codificados dos livros a z 000zy
106 ## - Campo de dados codificados: material textual
Dados codificados do material textual r
200 1# - Titulo e menção de responsabilidade
Título próprio Em viagem
Primeira menção de responsabilidade Violeta Monreal
210 ## - Publicação, Distribuição, etc. 
Lugar da edição, distribuição, etc. Rio de Mouro
Nome do editor, distribuidor, etc. Everest
Data da publicação, distribuição, etc. D.L. 2001
215 ## - Descrição física 
Indicação específica da natureza do documento e extensão da espécie [16] p.
Outras indicações físicas todo il.
Dimensões 15 cm
225 2# - Colecção 
Título próprio da colecção Os gémeos
Indicação de volume 2
606 ## - Nome comum usado como assunto
Número de registo de entrada de autoridade 0000559
Palavra de ordem Literatura estrangeira infantil
Subdivisão de assunto Romance de aventuras
675 ## - Classificação Decimal Universal (CDU)
Notação 82-311.3
Edição
Língua da edição por
700 #1 - Nome de autor-pessoa física (responsabilidade principal)
Número de registo de entrada de autoridade 0001493
Palavra de ordem Monreal
Outra parte do nome não tomada para palavra de ordem Violeta
942 ## - Elementos de entrada adicionados (Koha)
Tipo de item no Koha Livro
Exemplares
Situação do levantamento Origin of item (home branch) (coded) Biblioteca de empréstimo Código de barras Cota Circulation type (not for loan) Tipo de documento Nota do exemplar Damaged status
  Biblioteca Escolar da Coca Maravilhas Biblioteca Escolar da Coca Maravilhas BECM5579/02 8EST MON   Livro Sem mensagem